| 000 | 00827nac a22002411u 4500 | ||
|---|---|---|---|
| 008 | 091109t1997 nyu|||||r|||| 00| 0 eng d | ||
| 010 | _a 96047056 | ||
| 020 | _a0070113556 (pbk.) | ||
| 082 | 0 | 0 |
_a621.3 _bC3632 _222 |
| 100 |
_aCathey, Jimmie J. _99237 |
||
| 245 | 1 | 0 |
_aSchaum's Outline of Theory and Problems of Basic Electrical Engineering / _cJimmie J. Cathey, Syed A. Nasar. |
| 246 | 3 | _aTheory and problems of basic electrical engineering | |
| 246 | 3 | _aBasic electrical engineering | |
| 250 | _a2nd ed. | ||
| 260 |
_aNew York : _bMcGraw Hill, _c1997. |
||
| 300 |
_aviii, 335 p. : _bill. ; _c28 cm. |
||
| 490 | 0 | _aSchaum's outline series | |
| 500 | _aIncludes index. | ||
| 650 | 0 |
_aElectric engineering. _99238 |
|
| 650 | 0 |
_aElectronics. _99239 |
|
| 700 | 1 |
_aNasar, S. A. _99240 |
|
| 942 |
_cBB _k621.3CAT _2ddc |
||
| 999 |
_c100 _d100 |
||